Tendencies of globalisation in the Slovak environment

Saved in:
Bibliographic Details
Main Author: Lieskovská, Vanda, 1961-
Other Authors: Angyalová, Edita
Format: Book Chapter
Language:English
Tags: Add Tag
No Tags, Be the first to tag this record!

MARC

LEADER 00000naa$a2200000$$$4500
001 0094906
005 20240502072046.0
041 0 |a eng 
044 |a SK 
245 1 0 |a Tendencies of globalisation in the Slovak environment  |c V. Lieskovská, E. Angyalová 
100 1 |a Lieskovská, Vanda, 1961- 
700 1 |a Angyalová, Edita